[Event "HCL-C223"]
[Site "www.playchess.de"]
[Date "2001.04.30"]
[Round "6"]
[White "Flab"]
[Black "Trodat"]
[WhiteElo "717"]
[BlackElo "1277"]
[PlyCount "96"]
[Result "1/2-1/2"]

1.e4 e5 2.d4 d6 3.d5 Nf6 4.Bd3 Bg4 5.Nf3 Nbd7 6.h3 
Bxf3 7.Qxf3 Be7 8.Nc3 O-O 9.Bd2 c6 10.dxc6 bxc6 
11.g4 Qb8 12.Na4 Nc5 13.Nxc5 dxc5 14.b3 Rd8 15.h4 
a6 16.g5 Nd7 17.Bc4 Rf8 18.h5 Nb6 19.Be2 Qd8 
20.Rd1 Qd4 21.Rg1 Qb2 22.Qc3 Qxc3 23.Bxc3 f6 
24.Bd2 Rad8 25.Ba5 Rdb8 26.Rg3 fxg5 27.Bc3 Nd7 
28.Rxd7 Bf6 29.Bc4+ Kh8 30.Bd3 Rb6 31.Ba5 Rbb8 
32.Rc7 Rfc8 33.Bc4 Rba8 34.Be6 Rxc7 35.Bxc7 Re8 
36.Bf5 Re7 37.Bd6 Re8 38.Bxc5 Rd8 39.Bb6 Rb8 
40.Bc7 Rb7 41.Bd6 Bd8 42.Be6 a5 43.a4 Bc7 44.Bf8 
Rb8 45.Bc5 Re8 46.Bc4 Bd8 47.Ke2 Be7 48.Bb6 
Ra8 1/2-1/2

[Event "HCL-C224"]
[Site "www.playchess.de"]
[Date "2001.04.30"]
[Round "19"]
[White "Buddha"]
[Black "DrNickRiviera"]
[WhiteElo "1000"]
[BlackElo "1074"]
[PlyCount "63"]
[Result "1-0"]

1.e4 {Hello there.}  Nc6 2.Nf3 e5 3.Bb5 Nd4 4.Nxd4 
exd4 5.O-O Bd6 6.d3 Nf6 7.Bg5 c6 8.Bc4 Qa5 9.e5 
Qxe5 10.Re1 O-O 11.Rxe5 Bxe5 12.Bxf6 Bxf6 13.Nd2 
d5 14.Bb3 Re8 15.Nf3 Bg4 16.h3 Bd7 17.Qd2 a5 18.a4 
c5 19.Bxd5 Bc6 20.Bxc6 bxc6 21.Re1 Be7 22.b3 c4 
23.dxc4 Bb4 24.Rxe8+ Rxe8 25.Qxd4 Rc8 26.Qd7 Rf8 
27.Qxc6 Rd8 28.Kf1 h5 29.Qc7 Re8 30.g4 Re4 31.Qd8+ 
Kh7 32.Ng5+ 1-0

[Event "HCL-C224"]
[Site "www.playchess.de"]
[Date "2001.04.30"]
[Round "24"]
[White "yaroslav"]
[Black "flywheel"]
[WhiteElo "1109"]
[BlackElo "1207"]
[PlyCount "46"]
[Result "0-1"]

1.e4 e5 2.d4 exd4 3.Qxd4 Nc6 4.Qd5 Bb4+ 5.c3 Nf6 
6.Qc4 Ba5 7.a4 Bb6 8.Bg5 d6 9.b4 a5 10.Bxf6 Qxf6 
11.b5 Ne5 12.Qd5 Qxf2+ 13.Kd1 Qxf1+ 14.Kc2 Qxg2+ 
15.Nd2 Qxh1 16.Ndf3 Qg2+ 17.Nd2 Be6 18.Qxb7 O-O 
19.Ngf3 Nxf3 20.Rd1 Be3 21.Kc1 Bb3 22.Rf1 Qxd2+ 
23.Kb1 Qa2+ 0-1

[Event "HCL-B224"]
[Site "www.playchess.de"]
[Date "2001.04.30"]
[Round "36"]
[White "Pietros"]
[Black "richard"]
[WhiteElo "1366"]
[BlackElo "1500"]
[PlyCount "70"]
[Result "0-1"]

1.e4 c5 {what country?}  2.Bc4 e6 3.d4 {I'm 
Polish.}  cxd4 4.Qxd4 Nc6 5.Qe3 b6 6.Bd2 Nf6 7.Nc3 
Bc5 8.Qg5 O-O 9.e5 Ne8 10.Qg3 Nd4 11.O-O-O Nf5 
12.Qg4 d5 13.Bf4 Bxf2 14.Nh3 Ne3 15.Bxe3 Bxe3+ 
16.Kb1 Qc7 17.Qg3 d4 18.Bd3 f6 19.Nb5 Qxe5 20.Qxe5 
fxe5 21.Be4 Rb8 22.Nxa7 Bb7 23.Bxb7 Rxb7 24.Nc6 
Rf5 25.Rhf1 Rxf1 26.Rxf1 e4 27.Ne5 Nf6 28.Nc4 Bh6 
29.Rd1 e3 30.Ng1 Nd5 31.Ne2 Rf7 32.Nxd4 Rf2 33.Ne2 
Rxe2 {???}  34.Ne5 Rxg2 35.c4 e2 {push the passer} 
 0-1

[Event "ACL-A122"]
[Site "www.playchess.de"]
[Date "2001.04.30"]
[Round "7"]
[White "chessnut"]
[Black "Mother_Teresa"]
[WhiteElo "1952"]
[BlackElo "1497"]
[PlyCount "63"]
[Result "1-0"]

1.c4 e5 2.g3 Nf6 3.Bg2 Bc5 4.Nc3 O-O 5.e3 c6 
6.Nge2 d6 7.O-O Bf5 8.d4 exd4 9.exd4 Bb6 10.d5 Bg4 
11.h3 Bh5 12.dxc6 Nxc6 13.g4 Bg6 14.Nf4 Qd7 15.b3 
Rfe8 16.Nxg6 hxg6 17.a3 Rad8 18.Ra2 a6 19.g5 Nh5 
20.Qg4 Ne5 21.Qxd7 Rxd7 22.Rd1 Bd8 23.Re2 f6 24.f4 
Bb6+ 25.Kh2 Red8 26.fxe5 dxe5 27.Red2 R7xd2 
28.Rxd2 Rxd2 29.Bxd2 f5 30.Bxb7 a5 31.Nd5 e4 
32.Nxb6 1-0

[Event "CCL-M001"]
[Site "www.playchess.de"]
[Date "2001.04.30"]
[Round "6"]
[White "lazer"]
[Black "klay5001"]
[WhiteElo "2339"]
[BlackElo "2400"]
[PlyCount "43"]
[Result "1-0"]

1.e4 c5 2.Nf3 d6 3.d4 cxd4 4.Nxd4 Nf6 5.Nc3 g6 
6.Be3 Bg7 7.f3 O-O 8.Qd2 Nc6 9.Bc4 Nxd4 10.Bxd4 a6 
11.Nd5 Nxd5 12.Bxg7 Kxg7 13.Bxd5 e6 14.Bb3 Qb6 
15.O-O-O Rd8 16.e5 d5 17.h4 a5 18.h5 a4 19.hxg6 
axb3 20.Qh6+ Kg8 21.gxh7+ Kh8 22.Qf6+ 1-0

[Event "HCL-B232"]
[Site "www.playchess.de"]
[Date "2001.04.30"]
[Round "2"]
[White "queiroz"]
[Black "player27"]
[WhiteElo "1500"]
[BlackElo "1432"]
[PlyCount "80"]
[Result "0-1"]

1.e4 d5 {Good luck too from Berlin/GER nice Game  
andy}  2.exd5 Qxd5 3.Nc3 Qd6 4.d4 Nf6 5.Bc4 a6 
6.Nge2 Qc6 7.Bb3 Qxg2 8.Rg1 Qh3 9.Bf4 Qd7 10.Qd2 
b5 11.O-O-O c5 12.dxc5 Qxd2+ 13.Rxd2 e6 14.Bxb8 
Rxb8 15.c6 g6 16.Rgd1 Rb6 17.R2d8+ Ke7 18.c7 Rc6 
19.Kb1 Rxc7 20.R8d6 Rd7 21.R6xd7+ Bxd7 22.f3 Bg7 
23.Ng3 Rd8 24.Nge4 Nxe4 25.Nxe4 Bc6 26.Rxd8 Kxd8 
27.c4 bxc4 28.Bxc4 Be5 29.h3 a5 30.Kc2 Bf4 31.Kd3 
h5 32.Kd4 Kc7 33.b3 e5+ 34.Kc3 f5 35.Nf6 Kd6 
36.Bf7 Bxf3 37.Bxg6 e4 38.Nxh5 Be5+ 39.Kd2 f4 
40.Bf7 e3+ 0-1

[Event "ACL-A126"]
[Site "www.playchess.de"]
[Date "2001.04.30"]
[Round "21"]
[White "Danielqb"]
[Black "ulibear"]
[WhiteElo "1500"]
[BlackElo "1301"]
[PlyCount "63"]
[Result "1-0"]

1.e4 {Good morning!}  e5 {good afternoon and have 
a good game}  2.Nf3 Nc6 3.Bc4 {Thank you.}  Nf6 
4.Nc3 Bc5 5.Ng5 O-O {this looks rather forced}  
6.d3 d6 7.O-O Na5 8.Nd5 Nxd5 9.Bxd5 c6 10.Qh5 h6 
11.Bxf7+ Rxf7 12.Nxf7 Qf6 13.Nxh6+ gxh6 14.Bxh6 
Be6 {barely braething under your attack}  15.a3 
Bd4 {I just wonder that I'm still alive}  16.Rab1 
b5 {retreat is honorable}  17.Bg5 Qg7 18.c3 Bb6 
19.b4 Nb7 {first wave of attack survived}  20.Qh4 
Kf7 {an active king}  21.d4 Rh8 22.Qg3 exd4 23.e5 
Qxe5 {awful moves forced on me ...}  24.Rbe1 Qf5 
25.cxd4 Bxd4 26.Be3 Bf6 {only dreadful forced 
moves in sight ...}  27.Bxa7 Rg8 28.Qe3 Bd5 {looks 
simple & good}  29.f3 Qh3 30.Rf2 Be5 31.g3 Rg6 
{hard choice to make}  32.f4 1-0

[Event "HCL-E039"]
[Site "www.playchess.de"]
[Date "2001.04.30"]
[Round "31"]
[White "GOUSGOUNIS"]
[Black "unconnected"]
[WhiteElo "2445"]
[BlackElo "2000"]
[PlyCount "47"]
[Result "1-0"]

1.e4 c5 2.Nf3 d6 3.d4 cxd4 4.Nxd4 Nf6 5.Nc3 a6 
6.Bg5 e6 7.f4 Be7 8.Qf3 Nc6 9.Nxc6 bxc6 10.O-O-O 
Qc7 11.e5 dxe5 12.fxe5 Nd5 13.Bxe7 Nxe7 14.Rd6 O-O 
15.Bd3 Qa5 16.Qh3 h6 17.Qe3 Rb8 18.a3 Nd5 19.Qe4 
g6 20.Nxd5 cxd5 21.Qh4 Kh7 22.Rf1 Qc7 23.Bxg6+ 
Kxg6 24.Rf6+ 1-0

[Event "HCL-E042"]
[Site "www.playchess.de"]
[Date "2001.04.30"]
[Round "8"]
[White "nepper"]
[Black "paule"]
[WhiteElo "1619"]
[BlackElo "2078"]
[PlyCount "20"]
[Result "1/2-1/2"]

1.d4 Nf6 2.Nf3 c5 3.d5 e6 4.c4 b5 5.Bg5 h6 6.Bxf6 
Qxf6 7.Nc3 b4 8.Nb5 Kd8 9.e4 Qxb2 10.e5 
a6 1/2-1/2

[Event "HCL-E040"]
[Site "www.playchess.de"]
[Date "2001.04.30"]
[Round "12"]
[White "Avva"]
[Black "paule"]
[WhiteElo "1932"]
[BlackElo "2078"]
[PlyCount "23"]
[Result "1/2-1/2"]

1.c4 e5 2.Nc3 f5 3.e4 d6 4.Nge2 fxe4 5.Nxe4 Nc6 
6.d3 Nf6 7.N2g3 Be7 8.Bd2 O-O 9.Be2 Nd4 10.O-O Kh8 
11.Nxf6 gxf6 12.Bh5 1/2-1/2

[Event "HCL-C241"]
[Site "www.playchess.de"]
[Date "2001.04.30"]
[Round "20"]
[White "McLeod"]
[Black "ve7wln"]
[WhiteElo "1507"]
[BlackElo "1266"]
[PlyCount "51"]
[Result "1-0"]

1.e4 e6 2.d4 d5 3.exd5 exd5 4.Nf3 Nf6 5.c4 c6 
6.Nc3 Bb4 7.Bd3 O-O 8.O-O Bd6 9.Bg5 Nbd7 10.Re1 
Qc7 11.Rc1 Ng4 12.h3 Nh2 13.cxd5 Nxf3+ 14.Qxf3 h6 
15.Bh4 Nb6 16.dxc6 Qxc6 17.Ne4 Qd5 18.Nxd6 Qxd6 
19.Be7 Qxd4 20.Bxf8 Kxf8 21.Rc7 Qd5 22.Bb5 Bd7 
23.Qxd5 Nxd5 24.Rxd7 Nf6 25.Rxb7 a6 
26.Bc4 1-0

[Event "ACL-A127"]
[Site "www.playchess.de"]
[Date "2001.04.30"]
[Round "10"]
[White "Holger"]
[Black "Westqualmer"]
[WhiteElo "1500"]
[BlackElo "1923"]
[PlyCount "28"]
[Result "0-1"]

1.e4 e6 2.Nf3 d5 3.exd5 exd5 4.d4 Bd6 5.Nc3 Nf6 
6.Bg5 c6 7.Bd3 O-O 8.Qd2 Re8+ 9.Ne2 Bg4 10.h3 Bxf3 
11.gxf3 Nbd7 12.O-O-O Qb6 13.Bh6 gxh6 14.Qxh6 
Bf8 0-1

[Event "HCL-B248"]
[Site "www.playchess.de"]
[Date "2001.04.30"]
[Round "2"]
[White "paulGM"]
[Black "Foo_Lee"]
[WhiteElo "1500"]
[BlackElo "744"]
[PlyCount "34"]
[Result "0-1"]

1.e4 e5 2.Qh5 Nc6 3.Bc4 g6 4.Qf3 Qf6 5.c3 Na5 
6.Bb3 Bg7 7.Bc2 Ne7 8.Na3 c6 9.b4 {that move was 
worth two questiona marks}  d5 10.bxa5 dxe4 
11.Qxf6 Bxf6 12.Bxe4 Be6 13.Nf3 O-O 14.O-O b5 
15.Nc2 Rad8 16.Ba3 Bc4 17.Rfe1 
Nd5 0-1

[Event "HCL-C255"]
[Site "www.playchess.de"]
[Date "2001.04.30"]
[Round "17"]
[White "chico"]
[Black "CALZON_FIESTERO"]
[WhiteElo "1094"]
[BlackElo "1000"]
[PlyCount "25"]
[Result "1-0"]

1.e4 e5 2.Nf3 Nc6 3.Bc4 Bc5 4.Nc3 a6 5.d3 h6 6.O-O 
d6 7.h3 Na5 8.a3 Nxc4 9.dxc4 Nf6 10.Re1 Be6 11.b3 
O-O 12.Be3 Bxe3 13.Rxe3 1-0

[Event "HCL-C255"]
[Site "www.playchess.de"]
[Date "2001.04.30"]
[Round "18"]
[White "CALZON_FIESTERO"]
[Black "freddy"]
[WhiteElo "1000"]
[BlackElo "1000"]
[PlyCount "22"]
[Result "0-1"]

1.e4 d5 2.exd5 Qxd5 3.Nc3 Qd4 4.Nf3 Bg4 5.Nxd4 
Bxd1 6.Nxd1 e5 7.Nb5 Na6 8.a3 Nf6 9.d3 c6 10.Nbc3 
Rd8 11.Bg5 Rg8 0-1

[Event "ACL-A137"]
[Site "www.playchess.de"]
[Date "2001.04.30"]
[Round "5"]
[White "Jags2001"]
[Black "Smutje"]
[WhiteElo "1500"]
[BlackElo "1135"]
[PlyCount "51"]
[Result "1-0"]

1.e4 {hi}  e5 2.Nf3 {your move}  Qf6 3.Nc3 Nc6 
4.Bc4 Qg6 5.g3 a6 6.Nd5 Bd6 7.d3 b5 8.Nh4 Qe6 
9.Nxc7+ Bxc7 {shit}  10.Bxe6 fxe6 11.O-O Nf6 
12.Be3 h5 13.Bg5 Nd4 14.Bxf6 gxf6 15.c3 Nc6 16.Qf3 
Rf8 17.Qxh5+ Ke7 18.Ng6+ Ke8 19.Nxf8+ Kxf8 20.h4 
Ke7 21.Qg6 Bb7 22.h5 Kd6 23.h6 Ne7 24.Qxf6 a5 
25.Kg2 b4 26.h7 1-0

[Event "HCL-E032"]
[Site "www.playchess.de"]
[Date "2001.04.30"]
[Round "11"]
[White "Stan"]
[Black "bernalius"]
[WhiteElo "2000"]
[BlackElo "2000"]
[PlyCount "54"]
[Result "0-1"]

1.e4 {Hello,and good luck!}  c5 2.c3 d5 3.exd5 
Qxd5 4.d4 Nc6 5.Nf3 Bg4 6.Nbd2 cxd4 7.cxd4 e6 
8.Bc4 Qd7 9.Qa4 Bxf3 10.Nxf3 Bb4+ 11.Kf1 Nge7 
12.Bf4 O-O 13.h4 Nd5 14.Bxd5 Qxd5 15.Rd1 Rac8 
16.Ne5 b5 17.Qa6 Nxd4 18.Qxa7 Bc5 19.Qa5 Rca8 
20.Qc3 b4 21.Qg3 Rxa2 22.Rh3 Rfa8 23.Bh6 Bf8 
24.Qf4 R2a1 25.Rhd3 Rxd1+ 26.Rxd1 Qb5+ 27.Nd3 
Ra1 0-1

[Event "ACL-A132"]
[Site "www.playchess.de"]
[Date "2001.04.30"]
[Round "4"]
[White "ciceradecarvalho"]
[Black "Lycanth"]
[WhiteElo "1500"]
[BlackElo "1745"]
[PlyCount "49"]
[Result "1-0"]

1.e4 e5 2.Nf3 Nf6 3.Nxe5 d6 4.Nf3 Nxe4 5.Qe2 Qe7 
6.d3 Nf6 7.Bg5 Qxe2+ 8.Bxe2 Be7 9.O-O h6 10.Bh4 g5 
11.Bg3 Nc6 12.Nc3 g4 13.Nd2 Be6 14.f3 h5 15.fxg4 
hxg4 16.Rf2 Nh5 17.Nf1 Nd4 18.Rc1 Bg5 19.Rd1 f5 
20.h4 Nxg3 21.Nxg3 Be3 22.Nf1 Bxf2+ 23.Kxf2 f4 
24.Rd2 g3+ 25.Kg1 1-0

[Event "HCL-C243"]
[Site "www.playchess.de"]
[Date "2001.04.30"]
[Round "4"]
[White "flywheel"]
[Black "DJFisherman"]
[WhiteElo "1198"]
[BlackElo "1000"]
[PlyCount "35"]
[Result "1-0"]

1.e4 d5 2.e5 c5 3.d4 cxd4 4.Qxd4 e6 5.Nf3 Bd7 
6.Nc3 Nc6 7.Qa4 Nxe5 8.Bb5 Nxf3+ 9.gxf3 Nf6 10.Bg5 
Be7 11.O-O-O Bxb5 12.Qxb5+ Qd7 13.Bxf6 Bxf6 
14.Nxd5 exd5 15.Rhe1+ Be7 16.Rxd5 Qxb5 17.Rxb5 Kf8 
18.Rxb7 1-0

[Event "HCL-C262"]
[Site "www.playchess.de"]
[Date "2001.04.30"]
[Round "6"]
[White "someone"]
[Black "PashaSelim"]
[WhiteElo "1000"]
[BlackElo "1000"]
[PlyCount "29"]
[Result "1-0"]

1.e4 e6 2.d4 d5 3.Nc3 Nf6 4.Bg5 Be7 5.e5 Nfd7 
6.Bxe7 Qxe7 7.Nb5 Na6 8.c3 c6 9.Nd6+ Kf8 10.Bxa6 
bxa6 11.Qa4 c5 12.Qc6 Rb8 13.Nxc8 Qd8 14.Qd6+ Kg8 
15.Ne7+ 1-0

[Event "HCL-A119"]
[Site "www.playchess.de"]
[Date "2001.04.30"]
[Round "11"]
[White "IHTEM"]
[Black "mrchess"]
[WhiteElo "1700"]
[BlackElo "1553"]
[PlyCount "79"]
[Result "1-0"]

1.d4 {hi}  d5 {good luck}  2.Bg5 {good luck  from 
Moscow}  g6 3.f3 Nd7 4.e3 Ngf6 5.Bd3 Bg7 6.c3 O-O 
7.Nd2 e6 8.g4 h6 9.Bh4 g5 10.Bf2 c6 11.Qc2 Re8 
12.h4 e5 13.O-O-O Re7 14.hxg5 hxg5 15.Ne2 Qe8 
16.Ng3 Nf8 17.Bf5 Bxf5 18.Nxf5 Re6 19.dxe5 Rxe5 
20.Nh6+ Bxh6 21.Rxh6 Ng6 22.Rdh1 Kf8 23.R6h8+ Nxh8 
24.Rxh8+ Ng8 25.Bg3 Re6 26.Qh7 Rg6 27.Bd6+ Rxd6 
28.Rxg8+ Ke7 29.Rxe8+ Rxe8 30.Qf5 Rg6 31.e4 dxe4 
32.Nxe4 Reg8 33.Qc5+ Kd7 34.Qxa7 Kc7 35.Nc5 Kd6 
36.Nxb7+ Kd7 37.Nc5+ Kd6 38.b4 R6g7 39.Qd7+ Ke5 
40.Qd4+ 1-0

[Event "HCL-B268"]
[Site "www.playchess.de"]
[Date "2001.04.30"]
[Round "12"]
[White "Pietros"]
[Black "didiet68"]
[WhiteElo "1385"]
[BlackElo "1696"]
[PlyCount "46"]
[Result "0-1"]

1.e4 c5 2.Nc3 Nc6 3.Nf3 Nf6 4.Bc4 g6 5.e5 d5 
6.exf6 dxc4 7.Qe2 Nd4 8.fxe7 Bxe7 9.Nxd4 cxd4 
10.Ne4 f5 11.Ng3 d3 12.Qe5 O-O 13.c3 Re8 14.O-O 
Bg5 15.Qb5 f4 16.Nh1 Re4 17.f3 a6 18.Qa4 b5 19.Qd1 
Qb6+ 20.Nf2 Re2 21.g3 Bb7 22.Kg2 Qc6 23.b3 
Qxf3+ 0-1

[Event "ACL-A143"]
[Site "www.playchess.de"]
[Date "2001.04.30"]
[Round "6"]
[White "HUNG_SHEN_WEI"]
[Black "vijal"]
[WhiteElo "1255"]
[BlackElo "1056"]
[PlyCount "79"]
[Result "1-0"]

1.c4 c5 2.d3 d5 3.cxd5 Qxd5 4.Nc3 Qd8 5.Nf3 Nc6 
6.g3 e6 7.Bg2 Nf6 8.O-O Be7 9.e4 O-O 10.e5 Nd5 
11.a3 h6 12.d4 Nxc3 13.bxc3 cxd4 14.Nxd4 Nxd4 
15.Qxd4 Qxd4 16.cxd4 Rb8 17.Bf4 b6 18.a4 Bb7 
19.Bxb7 Rxb7 20.Kg2 Rc7 21.Rfd1 Rfc8 22.d5 exd5 
23.Rxd5 R7c2 24.Rd7 Bc5 25.e6 fxe6 26.Rxa7 Bxf2 
27.Kh3 Bd4 28.Rd1 e5 29.Bd2 Ra2 30.Ra6 Rcc2 
31.Ra8+ Kh7 32.Bb4 Rcxh2+ 33.Kg4 Rxa4 34.Rxa4 Bf2 
35.Bc3 e4 36.Rxe4 Bc5 37.Bd4 h5+ 38.Kf3 {just 
resign}  g5 39.Bxc5 g4+ 40.Kf4 1-0

[Event "CCL-E017"]
[Site "www.playchess.de"]
[Date "2001.04.30"]
[Round "7"]
[White "cm8k"]
[Black "crikoch"]
[WhiteElo "2000"]
[BlackElo "2000"]
[PlyCount "36"]
[Result "0-1"]

1.e4 c5 {Hello from Germany}  2.Nf3 {Hi from 
Georgia.  What kind of system are you running you 
program on?}  d6 {Hi from Hamburg. I am running on 
a Pentium 500 dual board. And you?}  3.d4 {I have 
an AMD k6-2 500 64 mb RAM}  cxd4 {I have 23 x 128 
RAM}  4.Nxd4 Nf6 5.Nc3 a6 6.Bg5 e6 {I have 3 x 128 
RAM, the last was a typo, sorry}  7.f4 Qc7 8.Bxf6 
gxf6 9.Be2 Nc6 10.Qd3 Nxd4 11.Qxd4 Qc5 12.Qxc5 
dxc5 13.Na4 Bd7 14.Nb6 Rd8 15.Nxd7 Rxd7 16.Rd1 
Rxd1+ 17.Kxd1 Bh6 18.g3 e5 0-1

[Event "HCL-B275"]
[Site "www.playchess.de"]
[Date "2001.04.30"]
[Round "10"]
[White "Larryalan"]
[Black "Savage"]
[WhiteElo "1062"]
[BlackElo "1435"]
[PlyCount "52"]
[Result "0-1"]

1.Nf3 Nf6 {Hello}  2.c4 g6 3.b3 Bg7 4.Bb2 O-O 5.g3 
d5 6.Bg2 Nc6 7.O-O Re8 8.d4 Bf5 9.Ne5 e6 10.cxd5 
exd5 11.Qc1 Nxe5 12.dxe5 Ne4 13.Rd1 Bxe5 14.Bxe5 
Rxe5 15.Qb2 Qd6 16.Nd2 Nxd2 17.Rxd2 c6 18.Re1 Rae8 
19.e3 Be4 20.f4 R5e7 21.Rd4 Bxg2 22.Qxg2 R7xe3 
23.Rf1 R3e2 24.Rf2 Qc5 25.Rd2 Rxd2 26.Qf1 
Ree2 0-1

[Event "ACL-A128"]
[Site "www.playchess.de"]
[Date "2001.04.30"]
[Round "10"]
[White "vijal"]
[Black "Bastian2"]
[WhiteElo "1056"]
[BlackElo "1500"]
[PlyCount "118"]
[Result "1/2-1/2"]

1.d4 d5 2.Nf3 Bg4 3.Bf4 Bxf3 4.exf3 Nc6 5.c3 Nf6 
6.Bd3 e6 7.Nd2 Bd6 8.Bxd6 Qxd6 9.O-O O-O 10.Qc2 b6 
11.Rac1 e5 12.dxe5 Nxe5 13.Rfe1 Rfe8 14.Rcd1 Nxd3 
15.Qxd3 Rxe1+ 16.Rxe1 Re8 17.Rxe8+ Nxe8 18.h3 Nf6 
19.Nb3 c5 20.Nd2 d4 21.cxd4 Qxd4 22.Qxd4 cxd4 
23.Kf1 Nd5 24.Ke2 Nf4+ 25.Kf1 a5 26.Nb3 Nd3 
27.Nxd4 Nxb2 28.Ke2 f6 29.Kd2 Nc4+ 30.Kd3 Nb2+ 
31.Ke4 Nd1 32.Nf5 Nxf2+ 33.Kd5 Nd3 34.Nd6 Nb4+ 
35.Ke6 Nxa2 36.Nc4 Nc3 37.Kd6 Nd1 38.Nxb6 Ne3 
39.g3 Nf5+ 40.Ke6 Nxg3 {you must klich resign when 
you are a good player.}  41.Nc4 Ne2 42.Kf5 Ng1 
43.Nxa5 Nxf3 44.Nc4 Ng5 45.h4 Nf3 46.h5 Nh4+ 
47.Kg4 Ng2 48.Nd6 Ne3+ 49.Kf4 Nd5+ 50.Ke4 Ne7 
51.Kf4 h6 52.Kg4 g6 53.hxg6 Kg7 54.Kh5 Nxg6 
55.Nf5+ Kh7 56.Ng3 Nf4+ 57.Kg4 Ne6 58.Kf5 Ng7+ 
59.Kxf6 h5 1/2-1/2

[Event "HCL-B273"]
[Site "www.playchess.de"]
[Date "2001.04.30"]
[Round "27"]
[White "alaa"]
[Black "lebesgue"]
[WhiteElo "1200"]
[BlackElo "1551"]
[PlyCount "44"]
[Result "0-1"]

1.d4 g6 2.e3 Bg7 3.Bd3 d6 4.Nf3 Nc6 5.O-O e5 
6.dxe5 dxe5 7.e4 Nge7 8.Ng5 O-O 9.Nc3 Nb4 10.Qf3 
h6 11.Nh3 Nxd3 12.cxd3 Nc6 13.b3 Nd4 14.Rb1 Nxf3+ 
15.gxf3 Bxh3 16.Rd1 f5 17.Nd5 f4 18.Kh1 c6 19.Nb4 
Qh4 20.Rb2 Qh5 21.Rg1 Qxf3+ 22.Rg2 
Qxg2+ 0-1

[Event "HCL-C270"]
[Site "www.playchess.de"]
[Date "2001.04.30"]
[Round "13"]
[White "Brazil"]
[Black "yaroslav"]
[WhiteElo "1560"]
[BlackElo "1018"]
[PlyCount "53"]
[Result "1-0"]

1.d4 {here we go again....}  f5 2.c4 Nf6 3.Nc3 h6 
4.Qc2 g6 5.e4 e6 6.e5 Ng4 7.h3 Qh4 8.g3 Qh5 9.Bg2 
c5 10.hxg4 Qxg4 11.Rh4 Qxh4 12.gxh4 Nc6 13.Bxc6 
bxc6 14.Nge2 Ba6 15.Na4 d5 16.exd6 Bxd6 17.Nxc5 
Bc8 18.Bf4 Bxc5 19.dxc5 O-O 20.Bd6 Rd8 21.Rd1 Re8 
22.Qc3 Rd8 23.Qf6 Re8 24.Qxg6+ Kh8 25.Qxe8+ Kh7 
26.Qf7+ Kh8 27.Be5+ 1-0

[Event "HCL-E048"]
[Site "www.playchess.de"]
[Date "2001.04.30"]
[Round "10"]
[White "tihi"]
[Black "seedythayer"]
[WhiteElo "2000"]
[BlackElo "2164"]
[PlyCount "65"]
[Result "1-0"]

1.e4 c6 {Hi.  Glad to meet you. Hope we have a 
good game.  :-)}  2.d4 d5 3.Nc3 dxe4 4.Nxe4 Bf5 
5.Ng3 Bg6 6.h4 h6 7.Nf3 Nf6 8.Ne5 Bh7 9.Bc4 e6 
10.Qe2 Nd5 11.Nh5 Nd7 12.c3 Nxe5 13.Qxe5 Rg8 
14.Qe2 Be7 15.g3 Qa5 16.O-O Nb6 17.Nf4 Nxc4 
18.Qxc4 g5 19.hxg5 hxg5 20.Ng2 g4 21.Re1 Rd8 
22.Bf4 Rd5 23.Be5 Rd8 24.Nf4 Rg5 25.b4 Qa4 26.Bf6 
Bd3 {Interesting move!}  27.Qxd3 Bxf6 28.Qh7 Rg7 
29.Nxe6 fxe6 30.Rxe6+ Kf7 31.Qf5 Rg6 32.Rxf6+ Rxf6 
33.Qh7+ 1-0

[Event "HCL-C276"]
[Site "www.playchess.de"]
[Date "2001.04.30"]
[Round "10"]
[White "MEATHEAD"]
[Black "adamant"]
[WhiteElo "895"]
[BlackElo "1098"]
[PlyCount "56"]
[Result "0-1"]

1.e4 e5 2.Nf3 Nc6 3.c4 Nf6 4.Nc3 Bc5 5.a3 a6 6.h3 
d6 7.Nd5 O-O 8.d3 Be6 9.Nxf6+ Qxf6 10.Bg5 Qg6 
11.Qc1 f6 12.Bd2 Nd4 13.Nxd4 Bxd4 14.Rb1 Rf7 15.b4 
Raf8 16.f3 f5 17.exf5 R7xf5 18.Be3 Qg3+ {simple 
but, very effective move. Good move}  19.Kd1 R5xf3 
20.Bxd4 exd4 21.Rb2 R3xf1+ 22.Rxf1 Rxf1+ 23.Kc2 
Rxc1+ 24.Kxc1 Qxd3 25.h4 Qxa3 26.c5 Qa1+ 27.Rb1 
Qc3+ 28.Kd1 Bg4+ 0-1

[Event "HCL-E048"]
[Site "www.playchess.de"]
[Date "2001.04.30"]
[Round "32"]
[White "tihi"]
[Black "Werner"]
[WhiteElo "2000"]
[BlackElo "1896"]
[PlyCount "67"]
[Result "1-0"]

1.e4 {Hi}  Nf6 {Hi! Good luck!!!}  2.e5 Nd5 3.d4 
d6 4.Nf3 g6 5.Bc4 Nb6 6.Bb3 Bg7 7.a4 a5 8.O-O O-O 
9.h3 Nc6 10.Qe2 d5 11.Nc3 Bf5 12.Bf4 Qd7 13.Rad1 
Nb4 14.g4 Be6 15.Ng5 c6 16.Nxe6 fxe6 17.Be3 Rf7 
18.Rda1 Raf8 19.f3 Qc8 20.f4 Na6 21.Qd2 Qc7 22.Ne2 
Nb4 23.c3 Na6 24.Ng3 c5 25.Qe2 c4 26.Bc2 Qc6 27.f5 
Qe8 28.fxg6 R7xf1+ 29.Rxf1 hxg6 30.Rxf8+ Bxf8 
31.Bc1 Bg7 32.Qe3 Nd7 33.Qg5 Nf8 
34.Ne2 1-0

[Event "HCL-B281"]
[Site "www.playchess.de"]
[Date "2001.04.30"]
[Round "17"]
[White "badplayer"]
[Black "DrJon"]
[WhiteElo "1127"]
[BlackElo "1552"]
[PlyCount "48"]
[Result "1/2-1/2"]

1.e4 {hi Jon Fortune}  c6 {have a good game from 
cheyenne wyoming usa}  2.f4 {I wish the same 2 u 
from delhi india}  d5 {not a bad move}  3.e5 c5 
4.d4 e6 5.Nf3 Nc6 6.c3 Qb6 7.a4 Bd7 8.Be2 Nh6 
9.O-O Nf5 10.b4 cxb4 11.g4 Nh6 12.h3 bxc3 13.Nxc3 
Rc8 14.Rb1 Qc7 15.Nb5 Qb8 16.Bd2 f5 17.exf6 gxf6 
18.Bd3 Nf7 19.Re1 h5 20.Bf5 Ncd8 21.gxh5 Rxh5 
22.Ng5 Rxg5+ {fine move}  23.fxg5 Qg3+ 24.Kf1 
fxg5 1/2-1/2

[Event "ACL-A155"]
[Site "www.playchess.de"]
[Date "2001.04.30"]
[Round "6"]
[White "hercules"]
[Black "Kasparovjr"]
[WhiteElo "1500"]
[BlackElo "1932"]
[PlyCount "77"]
[Result "1-0"]

1.d4 {hola, buenos dias :-)}  d5 {hola, do you 
speak english?}  2.c4 {a litlle english, hello}  
c6 {good, my spanish is about three words.....}  
3.Nf3 Nf6 4.Nc3 e6 5.e3 Nbd7 6.Bd3 dxc4 7.Bxc4 b5 
8.Bd3 a6 9.e4 c5 10.d5 c4 11.dxe6 fxe6 12.Bc2 Qc7 
13.O-O Bd6 14.Nd4 Nb6 15.Kh1 Bd7 16.f4 e5 17.Nf3 
Bg4 18.a4 b4 19.a5 bxc3 20.axb6 Qxb6 21.Ba4+ Ke7 
22.bxc3 Bxf3 23.Qxf3 Qa5 24.fxe5 Qxe5 25.g3 Bc5 
26.Bf4 Qh5 27.Qxh5 Nxh5 28.Bg5+ Ke6 {Looks very 
bad this....}  29.Rf5 {looks the adecuate}  Bd6 
30.Bc6 Raf8 31.Bd5+ Kd7 32.Rxa6 Rxf5 33.exf5 h6 
34.Be3 Rb8 35.Bd4 Nf6 36.Bxc4 Kc7 37.Kg2 Ng4 
38.Kh3 Ne5 39.Bd5 1-0

[Event "ACL-A149"]
[Site "www.playchess.de"]
[Date "2001.04.30"]
[Round "7"]
[White "supercazzola"]
[Black "cricri"]
[WhiteElo "1672"]
[BlackElo "1500"]
[PlyCount "42"]
[Result "1/2-1/2"]

1.d4 Nf6 2.Bg5 Ne4 3.Bf4 c5 4.d5 e6 5.f3 Bd6 
6.Bxd6 Nxd6 7.dxe6 dxe6 8.e4 O-O 9.Nc3 Nc6 10.Qd2 
b6 11.O-O-O Nb7 12.Bb5 Qxd2+ 13.Rxd2 Nd4 14.Nge2 
a6 15.Bd3 e5 16.Nd5 b5 17.f4 Nxe2+ 18.Bxe2 exf4 
19.Nxf4 c4 20.Rhd1 Nc5 21.Bf3 Bb7 1/2-1/2

[Event "HCL-A124"]
[Site "www.playchess.de"]
[Date "2001.04.30"]
[Round "20"]
[White "Gruhni"]
[Black "mrchess"]
[WhiteElo "1302"]
[BlackElo "1568"]
[PlyCount "80"]
[Result "1/2-1/2"]

1.e4 e5 2.Nf3 d6 3.Bc4 Nd7 4.d3 Be7 5.Nc3 c6 6.O-O 
h6 7.d4 Ngf6 8.dxe5 dxe5 9.a3 Qc7 10.Qe2 O-O 
11.Rd1 Rd8 12.Be3 Nf8 13.Rxd8 Bxd8 14.Rd1 Be6 
15.Bxe6 Nxe6 16.Nd2 Be7 17.f3 Bc5 18.Bxc5 Nxc5 
19.b4 Ne6 20.Nb3 Rd8 21.Rxd8+ Qxd8 22.Qd3 Qxd3 
23.cxd3 Kf8 24.Kf2 Ke7 25.Ke3 Kd6 26.d4 exd4+ 
27.Nxd4 Nxd4 28.Kxd4 Nd7 29.f4 f6 30.g4 b6 31.a4 
a6 32.h4 c5+ 33.bxc5+ Nxc5 34.e5+ fxe5+ 35.fxe5+ 
Kc6 36.h5 b5 37.axb5+ axb5 38.Nxb5 Kxb5 39.Kd5 Nd7 
40.Kd6 Nc5 1/2-1/2

[Event "ACL-A157"]
[Site "www.playchess.de"]
[Date "2001.04.30"]
[Round "2"]
[White "chico"]
[Black "tilki"]
[WhiteElo "1759"]
[BlackElo "1500"]
[PlyCount "33"]
[Result "1-0"]

1.e4 e5 2.Nf3 d6 3.Nc3 Nf6 4.Bc4 Nc6 5.Ng5 d5 
6.exd5 Ne7 7.d6 Ned5 8.dxc7 Qd6 9.O-O Qxc7 10.Bxd5 
Nxd5 11.Nxd5 Qc5 12.Nc3 h6 13.Nge4 Qc6 14.d3 Qg6 
15.Kh1 Bc5 16.Nxc5 O-O 17.Re1 1-0

[Event "HCL-B288"]
[Site "www.playchess.de"]
[Date "2001.04.30"]
[Round "31"]
[White "Hamburger"]
[Black "Fringe"]
[WhiteElo "1481"]
[BlackElo "1741"]
[PlyCount "44"]
[Result "0-1"]

1.d4 d5 2.c4 e6 3.Nf3 Nf6 4.Bg5 Be7 5.e3 Nbd7 
6.Nc3 O-O 7.c5 c6 8.b4 b6 9.a4 a5 10.bxa5 bxc5 
11.dxc5 Qxa5 12.Qc2 Bxc5 13.Kd1 Ng4 14.Nb1 Ba6 
15.Bxa6 Rxa6 16.h3 Nge5 17.Nbd2 Nxf3 18.Nxf3 Rb8 
19.Nd2 Rab6 20.Ke2 R6b2 21.Qc1 Ne5 22.Rd1 
Qa6+ 0-1